Commentaries on the Transfer of Property Act/ (Record no. 216025)
[ view plain ]
| 000 -LEADER | |
|---|---|
| fixed length control field | 00652nam a22002057a 4500 |
| 005 - DATE AND TIME OF LATEST TRANSACTION | |
| control field | 20260428145159.0 |
| 010 ## - LCCN (DPL NO) | |
| LC control number | ENG-148346-347 |
| 020 ## - INTERNATIONAL STANDARD BOOK NUMBER | |
| International Standard Book Number | 9789349015951 |
| Terms of availability | 7850.00(Set of 2 Vols) |
| 035 ## - SYSTEM CONTROL NUMBER | |
| System control number | EN-131878-879 |
| 037 ## - SOURCE OF ACQUISITION | |
| Source of stock number/acquisition | DBAD |
| 082 ## - DEWEY DECIMAL CLASSIFICATION NUMBER | |
| Classification number | 346.540436 |
| Edition number | 7 |
| 100 ## - MAIN ENTRY--PERSONAL NAME | |
| Personal name | Darashaw J Vakil |
| 245 ## - TITLE STATEMENT | |
| Title | Commentaries on the Transfer of Property Act/ |
| Statement of responsibility, etc | Darashaw J Vakil |
| 250 ## - EDITION STATEMENT | |
| Edition statement | 7 |
| 260 ## - PUBLICATION, DISTRIBUTION, ETC. (IMPRINT) | |
| Place of publication, distribution, etc | Gurgaon |
| Name of publisher, distributor, etc | Lexis Nexis |
| Date of publication, distribution, etc | 2026 |
| 270 ## - ADDRESS | |
| Address | 14th floor building no 10, tower-B, DLF cyber city, phase-II |
| City | Gurgaon |
| Postal code | 122002 |
| 300 ## - PHYSICAL DESCRIPTION | |
| Extent | cdlxxi,2438p. |
| Dimensions | 25cm(hb) |
| 490 ## - SERIES STATEMENT | |
| Volume number/sequential designation | 1,2 |
| 942 ## - ADDED ENTRY ELEMENTS (KOHA) | |
| Source of classification or shelving scheme | Dewey Decimal Classification |
| Item type | English Books |
| Classification part | 346.540436 |
| Call number suffix | DAR |
| Edition | 7 |
| Withdrawn status | Lost status | Materials specified (bound volume or other part) | Not for loan | Collection code | Home library | Current library | Date acquired | Source of acquisition | Cost, normal purchase price | Full call number | Barcode | Copy number | Cost, replacement price | Koha item type |
|---|---|---|---|---|---|---|---|---|---|---|---|---|---|---|
| VOL-1 | Not For Loan | Reference | Sarojini Nagar | Sarojini Nagar | 28/04/2026 | Delivery of Books Act Division | 3925.00 | 346.540436 DAR | EN-131878 | 1 | 3925.00 | English Books | ||
| VOL-2 | Not For Loan | Reference | Sarojini Nagar | Sarojini Nagar | 28/04/2026 | Delivery of Books Act Division | 3925.00 | 346.540436 DAR | EN-131879 | 1 | 3925.00 | English Books |
